Aeroportos mais movimentados do Brasil - Statistics

Estatísticas Gerais
  • Esse quiz foi jogado 316 vezes
    47 desde o último reset
  • A pontuação média é 30 de 40
Estatísticas das Respostas
# Movimento Ano Cidade (Aeroporto) % Correto
1 47.188.085 2025 São Paulo (Guarulhos)
100%
3 17.906.990 2025 Rio de Janeiro (Galeão)
98%
2 24.491.178 2025 São Paulo (Congonhas)
98%
6 12.357.280 2024 Belo Horizonte (Confins)
95%
11 6.161.283 2025 Fortaleza
95%
5 12.826.553 2025 Campinas (Viracopos)
93%
13 5.180.583 2024 Florianópolis
93%
21 2.334.654 2024 Natal
93%
8 7.512.942 2025 Porto Alegre
93%
10 6.201.200 2025 Rio de Janeiro (Santos Dumont)
93%
9 7.186.760 2025 Salvador
93%
4 16.713.369 2025 Brasília
91%
19 2.721.055 2024 Cuiabá
91%
12 6.082.222 2025 Curitiba
91%
17 3.181.366 2025 Manaus
91%
7 9.938.051 2025 Recife
91%
15 3.347.827 2024 Belém
88%
26 1.584.934 2025 Campo Grande
88%
14 3.856.638 2025 Goiânia
86%
32 747.178 2025 Palmas
86%
27 1.377.686 2025 Aracaju
84%
16 3.186.761 2024 Vitória
84%
24 1.890.382 2025 João Pessoa
81%
18 2.976.558 2025 Maceió
81%
25 1.839.199 2025 São Luís
81%
35 656.163 2025 Porto Velho
79%
28 1.092.779 2025 Teresina
77%
38 592.480 2024 Macapá
72%
30 768.801 2024 Londrina
58%
20 2.449.523 2025 Porto Seguro
56%
36 644.173 2024 Ribeirão Preto
53%
31 758.787 2024 Maringá
51%
23 2.155.553 2024 Navegantes
49%
37 607.582 2024 Chapecó
44%
29 1.060.171 2025 Uberlândia
42%
39 516.837 2024 Petrolina
40%
33 742.665 2024 São José do Rio Preto
40%
22 2.274.784 2025 Foz do Iguaçu
35%
40 507.581 2025 Santarém
33%
34 660.241 2024 Ilhéus
30%
Nenhum quiz correspondente encontrado
Distribuição das Pontuações
Porcentagem de Pessoas com Cada Pontuação
Percentil de Números Respondidos
Sua Pontuação Histórica
Você não jogou esse quiz desde o último reset